| 000 | 00665nam a2200253Ia 4500 | ||
|---|---|---|---|
| 005 | 20250425162042.0 | ||
| 008 | 250425s9999 xx 000 0 und d | ||
| 020 | _a0887309526 | ||
| 041 | _aeng | ||
| 082 | _a332 | ||
| 100 | _aTHUROW, LESTER C. | ||
| 245 | 0 | _aBUILDING WEALTH: THE NEW RULES FOR INDIVIDUALS, COMPANIES, AND NATIONS IN A KNOWLEDGE-BASED ECONOMY | |
| 250 | _a1ST ED. | ||
| 260 |
_aEstados Unidos _bHARPERBUSINESS _c2000 |
||
| 260 | _aNEW YORK | ||
| 300 | _a313 | ||
| 650 | _aCONOCIMIENTO | ||
| 650 | _aECONOMIA | ||
| 650 | _aGERENCIA | ||
| 650 | _aORGANIZACION SOCIAL | ||
| 710 | _aHARPERBUSINESS | ||
| 942 | _c01 | ||
| 010 | _a43936 | ||
| 999 |
_c221382 _d221382 |
||